<?xml version="1.0" encoding="UTF-8"?>
<marc:record xmlns:marc="http://www.loc.gov/MARC21/slim">
   <marc:leader>00000nam a2200000 a 4500</marc:leader>
   <marc:datafield ind1="1" ind2=" " tag="100">
      <marc:subfield code="a">Bernardus &lt;Claraevallensis&gt;</marc:subfield>
   </marc:datafield>
   <marc:datafield ind1="1" ind2=" " tag="100">
      <marc:subfield code="a">Oglerius &lt;de Locedio&gt;</marc:subfield>
   </marc:datafield>
   <marc:datafield ind1="0" ind2="0" tag="245">
      <marc:subfield code="a">Passio domini nostri Jesu Christi</marc:subfield>
   </marc:datafield>
   <marc:datafield ind1=" " ind2="1" tag="264">
      <marc:subfield code="a">[Basel]</marc:subfield>
      <marc:subfield code="b">Furter, Michael</marc:subfield>
      <marc:subfield code="c">1515</marc:subfield>
   </marc:datafield>
   <marc:datafield ind1=" " ind2=" " tag="250">
      <marc:subfield code="a">[Bindeeinheit]</marc:subfield>
   </marc:datafield>
   <marc:datafield ind1="1" ind2=" " tag="520">
      <marc:subfield code="a">Das beigef. Werk stammt nicht von Bernardus &lt;Claraevallensis&gt;, sondern von Oglerius &lt;de Locedio&gt;. Vgl. dazu die Bemerkungen in Sack: Inkunabelkat. Freiburg Nr. 3368 u. 1200.</marc:subfield>
   </marc:datafield>
   <marc:datafield ind1=" " ind2=" " tag="500">
      <marc:subfield code="a">Bibliogr. Nachweis: ISTC ip00132000; VD16 ZV 12200</marc:subfield>
   </marc:datafield>
   <marc:datafield ind1=" " ind2=" " tag="300">
      <marc:subfield code="a">[16] Bl : Ill. (Holzschn.); 19,8 x 14,5 cm</marc:subfield>
   </marc:datafield>
</marc:record>
